Statistics for Modern Day Orchestra Instruments

Click here to take the quiz!

General Stats

  • This quiz has been taken 157 times
  • The average score is 20 of 29

Answer Stats

Type of InstrumentInstrument% Correct
WoodwindFlute
93%
StringViolin
93%
BrassTrumpet
92%
WoodwindClarinet
90%
WoodwindOboe
90%
KeyboardPiano
87%
BrassTrombone
87%
StringViola
87%
BrassFrench Horn
86%
BrassTuba
83%
WoodwindBassoon
81%
WoodwindSaxaphone
81%
WoodwindPiccolo
77%
StringHarp
73%
PercussionSnare/tenor drum
73%
StringDouble Bass
72%
PercussionXylophone
70%
PercussionTriangle/Wood block
68%
PercussionBass Drum
65%
WoodwindEnglish Horn
64%
PercussionTimpani
63%
WoodwindBass Clarinet
59%
StringVioloncellos
57%
PercussionCymbal (Suspended, Crash)
51%
BrassEuphonium
48%
PercussionMarimba
47%
PercussionChimes
37%
PercussionTambourine
34%
BrassCornet
30%

Score Distribution

Percentile by Number Answered

Percent of People with Each Score

Your Score History

You have not taken this quiz